[Event "Sydney International Open"]
[Site "*"]
[Date "2007.04.13"]
[Round "6.22"]
[White "Steadman, Michael"]
[Black "Hu, Jason"]
[Result "1-0"]
[WhiteElo "2273"]
[BlackElo "2038"]
[PlyCount "75"]

1. c4 c6 2. e4 d5 3. exd5 cxd5 4. cxd5 Nf6 5. d4 Nxd5 6. Nf3 g6 7. Nc3 Bg7 8.
Bc4 Nb6 9. Bb3 O-O 10. Be3 Nc6 11. O-O Na5 12. Bc2 Nac4 13. Bg5 Bg4 14. h3 Nxb2
15. Qe2 Bxf3 16. gxf3 Qc8 17. Ne4 Qxh3 18. Bxe7 Rfe8 19. Bf6 Nd5 20. Bg5 Nc3
21. Qd2 Nxe4 22. Bxe4 Nc4 23. Qf4 h6 24. Bd5 Nd6 25. Qxd6 hxg5 26. Qxg6 Qd7 27.
Qxg5 Rad8 28. Bb3 Qxd4 29. Rac1 Re5 30. Qg3 Qb6 31. Rc4 Qh6 32. Rg4 Rh5 33. Kg2
Rf8 34. Rd1 b5 35. Rd6 Qh8 36. Rdg6 Rh7 37. R6g5 Rc8 38. Qf4 1-0

[Event "Sydney International Open"]
[Site "*"]
[Date "2007.04.13"]
[Round "6.23"]
[White "Selnes, Hamish"]
[Black "Ayvazyan, Armen"]
[Result "0-1"]
[WhiteElo "1976"]
[BlackElo "2241"]
[PlyCount "74"]

1. e4 c5 2. Nf3 Nc6 3. d4 cxd4 4. Nxd4 Nf6 5. Nc3 d6 6. Bg5 e6 7. Qd2 a6 8.
O-O-O Bd7 9. f4 b5 10. f5 b4 11. fxe6 fxe6 12. Nxc6 Bxc6 13. e5 dxe5 14. Qxd8+
Rxd8 15. Rxd8+ Kxd8 16. Nd1 a5 17. Ne3 Bd6 18. Bc4 Ke7 19. Re1 h6 20. Bh4 g5
21. Bf2 Rc8 22. Be2 Bd5 23. h4 Bxa2 24. hxg5 hxg5 25. Ng4 Nxg4 26. Bxg4 Bd5 27.
Rh1 Bc5 28. Rh7+ Kd6 29. Bxc5+ Rxc5 30. g3 Be4 31. Rh6 Rxc2+ 32. Kd1 Rxb2 33.
Rxe6+ Kd5 34. Ra6 a4 35. Rxa4 Bc2+ 36. Kc1 Bxa4 37. Kxb2 Kd4 0-1

[Event "Sydney International Open"]
[Site "*"]
[Date "2007.04.13"]
[Round "6.24"]
[White "Pyke, Malcolm L"]
[Black "Uttam, Kumar Saha"]
[Result "1-0"]
[WhiteElo "2235"]
[BlackElo "2016"]
[PlyCount "111"]

1. d4 d5 2. Nf3 Bf5 3. c4 e6 4. Nc3 c6 5. Bf4 Nf6 6. e3 Bd6 7. Bg3 Ne4 8. Qb3
Bxg3 9. hxg3 Qb6 10. c5 Qxb3 11. axb3 Nd7 12. b4 Ke7 13. b5 h6 14. Nxe4 Bxe4
15. b4 a6 16. bxc6 bxc6 17. Kd2 Rhb8 18. Kc3 Rb7 19. Nd2 Bg6 20. Rxa6 Rxa6 21.
Bxa6 Ra7 22. Be2 Ra2 23. Rc1 Nf6 24. Bd1 Ne8 25. Bb3 Ra7 26. Nf3 f6 27. Ne1 Nc7
28. Bc2 Be8 29. Bd3 Ra2 30. Nc2 e5 31. Kb3 Ra7 32. Ra1 Rxa1 33. Nxa1 exd4 34.
exd4 Ne6 35. Nc2 Bh5 36. f3 Be8 37. Ka4 Nc7 38. Ka5 Kd8 39. Ba6 Nxa6 40. Kxa6
Kc7 41. Ne3 Bg6 42. b5 Bd3 43. Ka5 Bxb5 44. Nxd5+ Kd7 45. Kb6 Bf1 46. Ne3 Bd3
47. d5 cxd5 48. Nxd5 Bf5 49. Ne3 Be6 50. Kb7 Kd8 51. c6 Bc8+ 52. Kb8 Ba6 53.
Nd5 f5 54. Ne3 g6 55. Nd5 h5 56. f4 1-0

[Event "Sydney International Open"]
[Site "*"]
[Date "2007.04.13"]
[Round "6.25"]
[White "Milligan, Helen"]
[Black "Yu, Ronald"]
[Result "0-1"]
[WhiteElo "2041"]
[BlackElo "2177"]
[PlyCount "136"]

1. e4 c6 2. d4 d5 3. Nc3 dxe4 4. Nxe4 Nd7 5. Ng5 Ngf6 6. Bd3 e6 7. N1f3 Bd6 8.
Qe2 h6 9. Ne4 Nxe4 10. Qxe4 Qc7 11. O-O b6 12. Re1 Bb7 13. c3 O-O-O 14. Qe2 Kb8
15. Ne5 Nxe5 16. dxe5 Bxe5 17. Qxe5 Qxe5 18. Rxe5 Rxd3 19. Bf4 Kc8 20. Re3 Rhd8
21. Rxd3 Rxd3 22. Kf1 g5 23. Be3 f5 24. Ke2 Ba6 25. Ke1 c5 26. Rd1 f4 27. Rxd3
Bxd3 28. Bc1 Bb1 29. a3 Kd7 30. h4 Kd6 31. hxg5 hxg5 32. g3 e5 33. gxf4 exf4
34. b4 Kd5 35. a4 Kc4 36. bxc5 Kxc5 37. Ba3+ Kc4 38. Be7 Kxc3 39. Bxg5 f3 40.
Be3 Kb4 41. Kd2 Kxa4 42. Kc1 Be4 43. Kb2 Kb5 44. Kb3 a5 45. Ka3 Kc6 46. Bd2 Bc2
47. Bc3 Kc5 48. Bd2 Kc4 49. Kb2 Bd1 50. Bc3 Ba4 51. Bd2 Be8 52. Bc3 Bf7 53. Bd2
Bg6 54. Bc3 Kb5 55. Bd4 Kc6 56. Bc3 Kc5 57. Bd2 Kc4 58. Bc3 Bh5 59. Bd2 Bf7 60.
Be1 Kb5 61. Ka3 Ka6 62. Bd2 b5 63. Be3 b4+ 64. Kb2 Kb5 65. Bd4 a4 66. Bf6 a3+
67. Kb1 b3 68. Be7 Bg6+ 0-1

[Event "Sydney International Open"]
[Site "*"]
[Date "2007.05.13"]
[Round "6.26"]
[White "Ikeda, Junta"]
[Black "Lovejoy, David"]
[Result "1-0"]
[WhiteElo "2154"]
[BlackElo "2003"]
[PlyCount "63"]

1. d4 Nf6 2. Nf3 g6 3. c4 Bg7 4. Nc3 O-O 5. e4 d6 6. h3 Nbd7 7. Be3 c6 8. Qd2
e5 9. O-O-O Qa5 10. Kb1 a6 11. dxe5 dxe5 12. Nd5 Qxd2 13. Ne7+ Kh8 14. Nxd2 Re8
15. Nxc8 Raxc8 16. Nb3 Nf8 17. f3 Ne6 18. c5 Bf8 19. Bc4 Kg7 20. g4 Rc7 21.
Bxe6 Rxe6 22. Rd3 h6 23. Rhd1 Be7 24. Na5 g5 25. Rb3 Rd7 26. Rxd7 Nxd7 27. Nxb7
Rf6 28. Bf2 Nf8 29. Bg3 Ng6 30. Kc2 Nf4 31. Bxf4 exf4 32. Kd3 1-0

[Event "Sydney International Open"]
[Site "*"]
[Date "2007.04.13"]
[Round "6.30"]
[White "Nakauchi, Gene"]
[Black "Broekhuyse, Paul"]
[Result "0-1"]
[WhiteElo "1703"]
[BlackElo "2137"]
[PlyCount "116"]

1. d4 Nf6 2. c4 e6 3. Nc3 Bb4 4. e3 c5 5. Bd3 Nc6 6. Nge2 O-O 7. O-O cxd4 8.
exd4 d5 9. Bf4 b6 10. Rc1 Bb7 11. cxd5 Nxd5 12. Nxd5 Qxd5 13. Bc4 Qh5 14. a3
Be7 15. Be3 Rfd8 16. f4 Bf6 17. Qd2 Na5 18. Ba2 Rac8 19. b4 Nc6 20. Rfd1 Ne7
21. Ng3 Qb5 22. Bb3 Nd5 23. Ne4 Be7 24. Nc3 Nxc3 25. Rxc3 Rxc3 26. Qxc3 Rc8 27.
Qb2 Bf6 28. Qd2 Qc6 29. Qe2 Qe4 30. Qf3 Qxf3 31. gxf3 Rc3 32. Rc1 Rxe3 33. Rc7
Rxb3 34. Rxb7 Bxd4+ 35. Kg2 g6 36. Rxa7 Bb2 37. a4 Rxb4 38. a5 bxa5 39. Rxa5
Rxf4 40. Kg3 Rb4 41. h4 h5 42. Rc5 Bd4 43. Ra5 Kg7 44. Ra2 Be5+ 45. Kh3 Rb2 46.
Rxb2 Bxb2 47. Kg3 Kf6 48. f4 Kf5 49. Kf3 Bc1 50. Kg3 Bxf4+ 51. Kf3 e5 52. Kf2
Kg4 53. Kg2 Bg3 54. Kf1 Kf3 55. Kg1 e4 56. Kf1 e3 57. Kg1 e2 58. Kh1 e1=Q# 0-1

[Event "Sydney International Open"]
[Site "*"]
[Date "2007.04.13"]
[Round "6.36"]
[White "Hvistendahl, Robert"]
[Black "Caoili, Arianne B"]
[Result "1-0"]
[WhiteElo "1855"]
[BlackElo "2153"]
[PlyCount "114"]

1. e4 e5 2. Nf3 Nc6 3. Bb5 a6 4. Ba4 Nf6 5. O-O Be7 6. Re1 b5 7. Bb3 d6 8. c3
O-O 9. h3 Nb8 10. d4 Nbd7 11. Nbd2 Bb7 12. Bc2 Re8 13. Nf1 Bf8 14. Ng3 g6 15.
b3 Bg7 16. Bb2 c6 17. dxe5 dxe5 18. Qe2 a5 19. c4 b4 20. Rad1 Qc7 21. Rd2 Bh6
22. Rdd1 Nc5 23. Nf1 a4 24. g4 Bg7 25. Qe3 Nfd7 26. Rd2 axb3 27. axb3 Ne6 28.
Red1 Bc8 29. Kh2 Nf4 30. Ng3 Ra2 31. Bb1 Ra5 32. Ne2 Nc5 33. Nfg1 Nce6 34. Nxf4
exf4 35. Qe1 Bxb2 36. Rxb2 c5 37. f3 Nd4 38. Kg2 Ra3 39. Rd3 Qe5 40. Qd2 Bb7
41. Ne2 Ne6 42. Rd7 Bc6 43. Rd6 Rc8 44. Rd3 h5 45. gxh5 Qxh5 46. Kh2 Qh4 47.
Ng1 Qg3+ 48. Kh1 Kg7 49. Qf2 Qg5 50. Rd6 Qe5 51. Rd3 Rh8 52. Kg2 Nd4 53. Kf1
Ra1 54. Rdd2 Rh5 55. Kg2 Rg5+ 56. Kh2 Rg3 57. Ne2 Nxf3+ 1-0

[Event "Sydney International Open"]
[Site "*"]
[Date "2007.04.13"]
[Round "6.37"]
[White "Tsagarakis, Angelo"]
[Black "Moylan, Laura A"]
[Result "0-1"]
[WhiteElo "1901"]
[BlackElo "2092"]
[PlyCount "110"]

1. Nf3 c5 2. b3 d5 3. e3 a6 4. Bb2 Nc6 5. Be2 Bg4 6. d3 e6 7. Nbd2 Qc7 8. c4
Nge7 9. Rc1 Rd8 10. d4 cxd4 11. Nxd4 Bxe2 12. Qxe2 e5 13. Nxc6 Nxc6 14. O-O Bb4
15. cxd5 Rxd5 16. Nf3 f6 17. Qc4 Qf7 18. Qg4 Be7 19. Rfd1 O-O 20. h3 Rfd8 21.
Rf1 Bf8 22. Qe4 Nb4 23. Rc4 Nd3 24. Ba1 b5 25. Rc2 Be7 26. Qg4 Nb4 27. Re2 Bf8
28. a4 Rd1 29. axb5 axb5 30. Ree1 Rxe1 31. Rxe1 Qxb3 32. h4 Nc2 33. Rf1 Ra8 34.
Nd2 Qd3 35. Qe6+ Kh8 36. Nb3 Qc4 37. Qxc4 bxc4 38. Nd2 Rxa1 39. Nxc4 Rxf1+ 40.
Kxf1 Na3 41. Nb2 Kg8 42. Ke2 Kf7 43. Kd3 Ke6 44. e4 Bc5 45. f3 Bd4 46. Nd1 Kd6
47. h5 Kc5 48. g3 Nc4 49. Nc3 Bxc3 50. Kxc3 Ne3 51. Kd3 Nf1 52. g4 Nh2 53. Ke2
Nxf3 54. Kxf3 Kd4 55. h6 gxh6 0-1

[Event "Sydney International Open"]
[Site "*"]
[Date "2007.04.13"]
[Round "6.38"]
[White "Hornsgaard, Jens Boe"]
[Black "Lo, Anthony"]
[Result "1-0"]
[WhiteElo "2076"]
[BlackElo "1676"]
[PlyCount "97"]

1. e4 e5 2. Nf3 Nc6 3. Bb5 f5 4. Nc3 Nf6 5. exf5 d6 6. d4 Bd7 7. O-O Be7 8.
Bxc6 Bxc6 9. dxe5 Ng4 10. exd6 Qxd6 11. Qxd6 Bxd6 12. Re1+ Kd7 13. Ne4 Rae8 14.
Nxd6 Rxe1+ 15. Nxe1 Kxd6 16. Bf4+ Kd7 17. Nd3 Re8 18. h3 Nf6 19. Ne5+ Kc8 20.
Nxc6 bxc6 21. Kf1 Nd5 22. Bd2 Kd7 23. Re1 Rb8 24. b3 Nb4 25. Bxb4 Rxb4 26. g4
a5 27. a4 Rd4 28. Re3 Rf4 29. Kg2 g5 30. fxg6 hxg6 31. Kg3 Rd4 32. Rd3 c5 33.
Rxd4+ cxd4 34. Kf4 Kd6 35. Kg5 Kc5 36. h4 Kb4 37. h5 gxh5 38. gxh5 Kc3 39. h6
Kxc2 40. h7 d3 41. h8=Q d2 42. Qh7+ Kxb3 43. Qd3+ Kxa4 44. Qxd2 c5 45. f4 c4
46. f5 Kb3 47. f6 c3 48. Qc1 a4 49. f7 1-0

[Event "Sydney International Open"]
[Site "*"]
[Date "2007.04.13"]
[Round "6.39"]
[White "Camer, Angelito"]
[Black "Schon, Eugene"]
[Result "1/2-1/2"]
[WhiteElo "2028"]
[BlackElo "1914"]
[PlyCount "84"]

1. d4 d5 2. Nf3 Nf6 3. Bf4 c5 4. e3 Qb6 5. Qc1 cxd4 6. exd4 Nc6 7. c3 Bf5 8.
Be2 Rc8 9. O-O e6 10. Nbd2 Be7 11. Re1 h6 12. h3 O-O 13. Nb3 a5 14. Bd1 a4 15.
Nc5 Bxc5 16. dxc5 Qxc5 17. Bxa4 Ne4 18. Be3 Qd6 19. Bxc6 bxc6 20. Nd2 Nc5 21.
Bxc5 Qxc5 22. Nb3 Qd6 23. Qe3 Rb8 24. Re2 Rfc8 25. Nc5 Bg6 26. Rd1 e5 27. a4
Rd8 28. Red2 f5 29. f4 Re8 30. fxe5 Rxe5 31. Qd4 Rbe8 32. a5 Bh5 33. Rf1 Re2
34. Rxe2 Rxe2 35. Nd3 Qg3 36. Nf4 Rxb2 37. a6 Be2 38. a7 Bxf1 39. a8=Q+ Kh7 40.
Qa1 Rxg2+ 41. Kxf1 Qf3+ 42. Ke1 Qg3+ 1/2-1/2

[Event "Sydney International Open"]
[Site "*"]
[Date "2007.04.13"]
[Round "6.40"]
[White "Christensen, Joshua"]
[Black "Voon, Richard"]
[Result "0-1"]
[WhiteElo "1605"]
[BlackElo "2023"]
[PlyCount "82"]

1. d4 Nf6 2. c4 e6 3. Nf3 d5 4. Bg5 c6 5. e3 h6 6. Bh4 g5 7. Bg3 Bg7 8. Qc2
Nbd7 9. Nc3 O-O 10. cxd5 exd5 11. Bd3 Re8 12. O-O-O b5 13. h4 g4 14. Ne5 Nxe5
15. Bxe5 a5 16. Ne2 Bd7 17. Ng3 Rc8 18. Nf5 Bf8 19. Qe2 c5 20. Bxf6 Qxf6 21.
Qxg4+ Kh8 22. Kb1 c4 23. Bc2 b4 24. Rh3 a4 25. Ka1 c3 26. bxc3 bxc3 27. Rg3 Bd6
28. Rf3 Ba3 29. Qh5 Bb2+ 30. Kb1 Rb8 31. Nxh6 Ba3+ 32. Bb3 Qg6+ 33. Qxg6 fxg6
34. Nf7+ Kg7 35. Ng5 Bf5+ 36. e4 dxe4 37. Re3 axb3 38. axb3 Rxb3+ 39. Kc2 Reb8
40. Ra1 Rb2+ 41. Kxc3 Rc8# 0-1

[Event "Sydney International Open"]
[Site "*"]
[Date "2007.04.13"]
[Round "6.41"]
[White "Mandla, Blair"]
[Black "Ilic, Ilija"]
[Result "1-0"]
[WhiteElo "1765"]
[BlackElo "2170"]
[PlyCount "149"]

1. e4 d6 2. d4 Nf6 3. Bd3 g6 4. Bg5 Bg7 5. Nf3 Nc6 6. Nbd2 Bg4 7. c3 e5 8. d5
Ne7 9. O-O h6 10. Bxf6 Bxf6 11. Qb3 Qc8 12. c4 g5 13. c5 dxc5 14. Qb5+ c6 15.
Qxc5 cxd5 16. Qd6 Qe6 17. Bb5+ Kf8 18. Qc7 Kg7 19. exd5 Nxd5 20. Qxb7 Rab8 21.
Qc6 Rhc8 22. Qxe6 Bxe6 23. a4 g4 24. Ne1 Nc7 25. Bc4 Rxb2 26. Bxe6 Nxe6 27. Ne4
Rd8 28. f3 gxf3 29. Nxf3 Rd7 30. Nxf6 Kxf6 31. Rae1 Kg7 32. Rxe5 Re7 33. Rf5
Rc7 34. Ne5 Nd8 35. R5f4 Re2 36. Rg4+ Kf8 37. Ng6+ Ke8 38. Nf4 Rd2 39. Nh5 Kd7
40. Nf6+ Kc8 41. Rg8 Rd4 42. Ng4 h5 43. Ne5 Kb7 44. Rb1+ Ka6 45. Rh8 Nb7 46.
Rxh5 Rc5 47. Rh6+ Rd6 48. Nxf7 Rxh6 49. Nxh6 Rc4 50. Ra1 Nc5 51. Nf5 Nxa4 52.
Ne3 Re4 53. Kf2 Kb5 54. Nd1 Rf4+ 55. Ke3 Rf7 56. Rb1+ Kc6 57. Rc1+ Kd6 58. Nc3
Kc6 59. Nxa4+ Kb5 60. Nc3+ Kb4 61. Nd5+ Kb3 62. Ra1 Kc4 63. Nf4 Kb5 64. h4 a5
65. h5 Kb4 66. Nd3+ Kb5 67. g4 Re7+ 68. Kf4 Rd7 69. Ne5 Rd4+ 70. Kf5 a4 71. h6
Rd2 72. h7 Rh2 73. Kg6 Kb4 74. Kg7 Kb3 75. h8=Q 1-0

[Event "Sydney International Open"]
[Site "*"]
[Date "2007.04.13"]
[Round "6.42"]
[White "Dowden, Tony"]
[Black "Redgrave, John"]
[Result "1-0"]
[WhiteElo "2190"]
[BlackElo "1857"]
[PlyCount "75"]
[EventDate "2007.??.??"]

1. c4 c5 2. g3 g6 3. Bg2 Bg7 4. Nc3 Nc6 5. a3 Rb8 6. Rb1 a6 7. b4 cxb4 8. axb4
b5 9. cxb5 axb5 10. Nf3 e5 11. d4 exd4 12. Nd5 Bb7 13. Bg5 f6 14. Bf4 Ne5 15.
Qxd4 d6 16. Rc1 Ne7 17. Nxe7 Qxe7 18. O-O O-O 19. Nd2 g5 20. Bd5+ Kh8 21. Be3
f5 22. Bxb7 Rxb7 23. Qd5 f4 24. Bd4 h5 25. Ne4 Rd7 26. Rfd1 Rf5 27. Rc8+ Kh7
28. Qg8+ Kh6 29. Bxe5 Qxe5 30. f3 g4 31. Re8 Qb2 32. Qe6+ Rf6 33. Nxf6 Bxf6 34.
Qxd7 gxf3 35. Qxd6 fxe2 36. Rxe2 Qxe2 37. Qxf6+ Kh7 38. Rd7+ 1-0

[Event "Sydney International Open"]
[Site "*"]
[Date "2007.04.13"]
[Round "6.43"]
[White "Escalante, Lorenzo"]
[Black "Gibbons, Robert"]
[Result "0-1"]
[WhiteElo "1855"]
[BlackElo "2077"]
[PlyCount "50"]
[EventDate "2007.??.??"]

1. d4 Nf6 2. c4 g6 3. Nf3 Bg7 4. Bg5 c6 5. Nc3 d5 6. e3 O-O 7. Be2 Re8 8. O-O
Nbd7 9. Rc1 dxc4 10. Bxc4 Qa5 11. Bf4 Nb6 12. Bc7 Bg4 13. Bxf7+ Kxf7 14. Ne5+
Qxe5 15. dxe5 Bxd1 16. Rcxd1 Nfd5 17. Bxb6 Nxc3 18. bxc3 axb6 19. f4 Red8 20.
Rb1 b5 21. c4 Rxa2 22. cxb5 Rdd2 23. Rfe1 Rxg2+ 24. Kh1 Rxh2+ 25. Kg1 c5 0-1

[Event "Sydney International Open"]
[Site "*"]
[Date "2007.04.13"]
[Round "6.44"]
[White "Szuveges, Narelle S"]
[Black "Vlietstra, Marc"]
[Result "0-1"]
[WhiteElo "1841"]
[BlackElo "2022"]
[PlyCount "100"]
[EventDate "2007.??.??"]

1. d4 Nf6 2. c4 e6 3. Nc3 Bb4 4. Qc2 b6 5. a3 Bxc3+ 6. Qxc3 Bb7 7. Bg5 d6 8. e3
Nbd7 9. f3 h6 10. Bh4 e5 11. d5 Rc8 12. Bf2 O-O 13. e4 Nh5 14. Bd3 a5 15. b4
Ra8 16. Rc1 axb4 17. axb4 Ra2 18. Ne2 Qg5 19. O-O Rxe2 20. g3 Ra2 21. Rc2 Rfa8
22. Rxa2 Rxa2 23. Ra1 Rxa1+ 24. Qxa1 Qd8 25. Qc3 Nhf6 26. c5 bxc5 27. bxc5 Nxc5
28. Bxc5 dxc5 29. Qxe5 Qd6 30. Qc3 Nd7 31. Bc4 Qe5 32. Qb3 Nb6 33. Bf1 Qa1 34.
Qb5 Qd4+ 35. Kg2 g6 36. Qe8+ Kg7 37. Qb8 Bxd5 38. exd5 Nxd5 39. Ba6 Ne3+ 40.
Kh3 Qe5 41. g4 h5 42. gxh5 Qe6+ 43. Kg3 Nf5+ 44. Kf2 Qxa6 45. hxg6 Qa2+ 46. Kf1
Qc4+ 47. Kf2 Qc2+ 48. Kf1 Qd1+ 49. Kf2 Qd2+ 50. Kf1 Ne3+ 0-1

[Event "Sydney International Open"]
[Site "*"]
[Date "2007.04.13"]
[Round "6.45"]
[White "Descallar, Levi"]
[Black "Karenlampi, Pirkka"]
[Result "0-1"]
[WhiteElo "1787"]
[BlackElo "2021"]
[PlyCount "48"]
[EventDate "2007.??.??"]

1. d4 d5 2. Nf3 Nf6 3. Bf4 e6 4. e3 c5 5. c3 Nc6 6. Bd3 Be7 7. h3 a6 8. Nbd2 c4
9. Bc2 b5 10. a3 Bb7 11. O-O h6 12. Ne5 Na5 13. Bh2 Qc8 14. f4 g6 15. Qf3 h5
16. Qe2 Ne4 17. Ndf3 Rg8 18. Ng5 f6 19. Nxe4 dxe4 20. Nxg6 Rxg6 21. Qxh5 Kf7
22. g4 Qh8 23. f5 Qxh5 24. fxg6+ Qxg6 0-1

[Event "Sydney International Open"]
[Site "*"]
[Date "2007.04.13"]
[Round "6.46"]
[White "Wan, Dennis"]
[Black "Davis, Tony J"]
[Result "0-1"]
[WhiteElo "1525"]
[BlackElo "1978"]
[PlyCount "42"]

1. Nf3 d5 2. e3 Nc6 3. c4 Bg4 4. cxd5 Qxd5 5. Be2 e5 6. Nc3 Qd7 7. O-O Nf6 8.
Qb3 e4 9. Nd4 Nxd4 10. exd4 O-O-O 11. Bxg4 Qxg4 12. f3 exf3 13. Rxf3 Qxd4+ 14.
Kh1 Bc5 15. Ne2 Rhe8 16. d3 Rxe2 17. Bf4 Qxb2 18. Qxb2 Rxb2 19. Be5 Rd2 20.
Bxf6 gxf6 21. Rxf6 Bd4 0-1

[Event "Sydney International Open"]
[Site "*"]
[Date "2007.04.13"]
[Round "6.47"]
[White "Yu, Derek"]
[Black "Harris, Benjamin"]
[Result "0-1"]
[WhiteElo "1958"]
[BlackElo "1819"]
[PlyCount "120"]

1. e4 c5 2. Nf3 e6 3. c3 d5 4. exd5 Qxd5 5. d4 Nf6 6. Be3 cxd4 7. cxd4 Nc6 8.
Nc3 Qd6 9. a3 Be7 10. Bd3 O-O 11. O-O a6 12. Ng5 Qd8 13. Qc2 h6 14. Nf3 Bd6 15.
Rfd1 Qc7 16. Rac1 Ng4 17. h3 Nxe3 18. fxe3 Qe7 19. Ne4 Bb8 20. Rf1 Kh8 21. Qe2
f5 22. Nc5 e5 23. Qf2 e4 24. Nh4 Qf6 25. Bxe4 fxe4 26. Ng6+ Qxg6 27. Qxf8+ Kh7
28. Qf7 Qg3 29. Nxe4 Qxe3+ 30. Nf2 Bg3 31. d5 Ne5 32. Qf8 Bxf2+ 33. Qxf2 Qxf2+
34. Rxf2 Nd3 35. Rc7 Nxf2 36. Kxf2 Bf5 37. Rxb7 Rd8 38. Rb6 Rxd5 39. Rxa6 Rd2+
40. Kf3 Rxb2 41. Ra7 Bd3 42. g4 Bf1 43. h4 Rc2 44. g5 hxg5 45. hxg5 Rc5 46. Kg4
Kg6 47. Kf4 Rf5+ 48. Kg4 Rxg5+ 49. Kf4 Rf5+ 50. Kg4 Rf6 51. Rc7 Be2+ 52. Kh4
Rf4+ 53. Kg3 Rf3+ 54. Kh4 Rxa3 55. Rc3 Ra4+ 56. Kh3 Bg4+ 57. Kh4 Bf5+ 58. Kg3
Kg5 59. Kf3 Rd4 60. Kg2 Rd3 0-1

[Event "Sydney International Open"]
[Site "*"]
[Date "2007.04.13"]
[Round "6.48"]
[White "Evans, Carrie"]
[Black "Dickson, Ian C"]
[Result "0-1"]
[WhiteElo "1461"]
[BlackElo "1923"]
[PlyCount "52"]

1. c4 Nf6 2. Nc3 g6 3. g3 Bg7 4. Bg2 d6 5. Nf3 O-O 6. O-O c5 7. d3 Nc6 8. Bd2
a6 9. Rb1 Rb8 10. a3 b5 11. cxb5 axb5 12. b4 cxb4 13. axb4 Bd7 14. d4 Bf5 15.
Rb2 Ne4 16. Nxe4 Bxe4 17. Be3 Ra8 18. Ne5 Bxg2 19. Nxf7 Rxf7 20. Kxg2 Qd7 21.
Rb1 Qb7 22. d5 Ne5 23. h4 Nc4 24. Bc1 Ra2 25. e4 Qa7 26. Qg4 Raxf2+ 0-1

[Event "Sydney International Open"]
[Site "*"]
[Date "2007.04.13"]
[Round "6.49"]
[White "Jule, Alexandra"]
[Black "Tankel, Alan"]
[Result "1-0"]
[WhiteElo "1909"]
[BlackElo "1780"]
[PlyCount "47"]

1. d4 d5 2. Nf3 Nf6 3. Bf4 e6 4. e3 c5 5. c3 Nc6 6. h3 Bd6 7. dxc5 Bxf4 8. exf4
Ne4 9. Bb5 Nxc5 10. Qd4 Ne4 11. Qxg7 Rf8 12. O-O Bd7 13. Nbd2 Qb6 14. Bxc6 Bxc6
15. Nxe4 dxe4 16. Ng5 O-O-O 17. Rad1 Bd5 18. a4 Bc6 19. Nxf7 Qc7 20. Rxd8+ Rxd8
21. Qf6 Rd2 22. Qxe6+ Bd7 23. Qf6 Qc5 24. Qd8# 1-0

[Event "Sydney International Open"]
[Site "*"]
[Date "2007.04.13"]
[Round "6.50"]
[White "Yuen, Jonathan"]
[Black "Bekker, Gary D"]
[Result "1-0"]
[WhiteElo "1670"]
[BlackElo "1904"]
[PlyCount "31"]

1. e4 e5 2. Nf3 Nc6 3. Bc4 Bc5 4. b4 Bxb4 5. c3 Ba5 6. d4 d6 7. O-O Nf6 8. Qa4
Nxe4 9. Bb5 Bxc3 10. Bxc6+ bxc6 11. Nxc3 Nxc3 12. Qxc6+ Bd7 13. Qxc3 e4 14. Re1
d5 15. Ba3 Qf6 16. Qxc7 1-0

[Event "Sydney International Open"]
[Site "*"]
[Date "2007.04.13"]
[Round "6.51"]
[White "Parker, Trent"]
[Black "Zulfic, Fedja"]
[Result "0-1"]
[WhiteElo "1483"]
[BlackElo "1895"]
[PlyCount "92"]

1. Nf3 g6 2. c4 c5 3. Nc3 Nc6 4. d4 cxd4 5. Nxd4 Bg7 6. e3 Nf6 7. g3 O-O 8. Bg2
a6 9. O-O Qc7 10. b3 b6 11. Qc2 Bb7 12. Nd5 Qd8 13. Bb2 Nxd5 14. Nxc6 dxc6 15.
Bxg7 Kxg7 16. cxd5 cxd5 17. Rac1 Rc8 18. Qb2+ Kg8 19. Rcd1 e6 20. e4 Qd6 21.
exd5 Bxd5 22. Rd4 Qe5 23. f4 Qe3+ 24. Qf2 Qxf2+ 25. Rxf2 Rc1+ 26. Rf1 Rc2 27.
Rf2 Rfc8 28. Bxd5 exd5 29. Rxd5 Rxf2 30. Kxf2 Rc2+ 31. Kf3 Rxa2 32. Rd6 b5 33.
h4 Ra3 34. Kg4 a5 35. Ra6 b4 36. Kg5 Kg7 37. Ra7 Rxb3 38. Kg4 Ra3 39. h5 gxh5+
40. Kxh5 a4 41. g4 h6 42. g5 hxg5 43. Kxg5 Ra1 44. f5 Rg1+ 45. Kf4 a3 46. Ra4
b3 0-1

[Event "Sydney International Open"]
[Site "*"]
[Date "2007.04.13"]
[Round "6.52"]
[White "Reid, Vaness"]
[Black "Cvetkoski, Tode"]
[Result "0-1"]
[WhiteElo "1885"]
[BlackElo "1705"]
[PlyCount "52"]

1. d4 Nf6 2. c4 e6 3. Nc3 d5 4. Bg5 c6 5. Nf3 h6 6. Bh4 Nbd7 7. e3 Be7 8. cxd5
exd5 9. Bd3 O-O 10. Qc2 Re8 11. h3 Ne4 12. Bxe7 Qxe7 13. O-O-O Ndf6 14. g4 b5
15. Rdg1 b4 16. Nb1 c5 17. g5 hxg5 18. Nxg5 Nxg5 19. Rxg5 c4 20. Bf5 Ne4 21.
Rhg1 Nxg5 22. Bxc8 Raxc8 23. h4 Ne4 24. h5 b3 25. Qd1 bxa2 26. Qg4 Qg5 0-1

[Event "Sydney International Open"]
[Site "*"]
[Date "2007.04.13"]
[Round "6.53"]
[White "Stahnke, Alexander"]
[Black "Huynh, Arthur"]
[Result "0-1"]
[WhiteElo "1429"]
[BlackElo "1879"]
[PlyCount "112"]

1. c4 Nf6 2. Nc3 g6 3. Nf3 Bg7 4. g3 b6 5. Bg2 Bb7 6. O-O O-O 7. d3 d6 8. Bd2
Nbd7 9. Rb1 a5 10. a3 e5 11. b4 axb4 12. axb4 Re8 13. Qb3 Qe7 14. Rfc1 h6 15.
Nb5 Rec8 16. Nxe5 Bxg2 17. Nxg6 fxg6 18. Kxg2 Kh7 19. e3 c6 20. Nc3 Ng4 21. h3
Nge5 22. d4 Nf7 23. Ne2 Ng5 24. f3 Rf8 25. Nf4 Ne6 26. Nxe6 Qxe6 27. Rf1 b5 28.
d5 cxd5 29. cxd5 Qe5 30. Qd3 Ra2 31. Rf2 Rc8 32. Qxb5 Rcc2 33. Qd3 Nb6 34. e4
Qd4 35. Rb3 Qxf2+ 36. Kxf2 Rxd2+ 37. Ke3 Rxd3+ 38. Kxd3 Rg2 39. g4 Rg3 40. Ke2
Rxh3 41. Ra3 g5 42. Ra6 Bd4 43. Ra7+ Kg6 44. Re7 Be5 45. Rb7 Rh2+ 46. Kd3 Na4
47. Kc4 Rf2 48. Ra7 Nb2+ 49. Kb5 Rxf3 50. Kc6 Rc3+ 51. Kd7 Rb3 52. Rb7 Nd3 53.
Ke6 Rxb4 54. Ra7 Rxe4 55. Ra8 Rxg4 56. Rg8+ Kh5 0-1

[Event "Sydney International Open"]
[Site "*"]
[Date "2007.04.13"]
[Round "6.54"]
[White "Guo-Yuthok, Sherab"]
[Black "Wu, Shirley"]
[Result "1-0"]
[WhiteElo "1877"]
[BlackElo "1502"]
[PlyCount "85"]

1. e4 c5 2. Nc3 e6 3. f4 a6 4. Nf3 Ne7 5. d3 d5 6. e5 Nbc6 7. Be2 g6 8. O-O Bg7
9. Qe1 h5 10. Nh4 Bd7 11. Bf3 Bc8 12. a3 Nd4 13. Bd1 Nef5 14. Nf3 b5 15. Qf2
Nxf3+ 16. Bxf3 Qc7 17. g3 Bb7 18. h3 Kd7 19. Bd2 Rag8 20. Ne2 f6 21. d4 cxd4
22. Nxd4 fxe5 23. Nb3 exf4 24. Nc5+ Ke7 25. Bxf4 Qc8 26. c3 Kf7 27. Nd3 Bf6 28.
g4 hxg4 29. hxg4 Nh4 30. Be5 Nf5 31. Rac1 Qa8 32. Qb6 Qc8 33. Bxf6 Kxf6 34. Nc5
Bc6 35. Rce1 Re8 36. Bg2 Rh4 37. Nd3 Rxg4 38. Ne5 Rxg2+ 39. Kxg2 Bd7 40. Qd4
Rf8 41. Rxf5+ gxf5 42. Qh4+ Kg7 43. Qg5+ 1-0

[Event "Sydney International Open"]
[Site "*"]
[Date "2007.04.13"]
[Round "6.56"]
[White "Dunlop, Gordon"]
[Black "Anton, Sarah"]
[Result "1-0"]
[WhiteElo "1859"]
[BlackElo "754"]
[PlyCount "35"]

1. d4 Nf6 2. c4 g6 3. Nc3 Bg7 4. e4 d6 5. Be2 O-O 6. Nf3 Re8 7. O-O Nbd7 8. e5
dxe5 9. dxe5 Nh5 10. e6 fxe6 11. Ng5 Nf8 12. Bxh5 gxh5 13. Qxh5 Bd7 14. Nf7 Qc8
15. Nh6+ Kh8 16. Qf7 Ng6 17. Qg8+ Rxg8 18. Nf7# 1-0

[Event "Sydney International Open"]
[Site "*"]
[Date "2007.04.13"]
[Round "6.57"]
[White "Greenwood, Norman"]
[Black "Holland, Dennis"]
[Result "0-1"]
[WhiteElo "1515"]
[BlackElo "1961"]
[PlyCount "64"]

1. d4 d5 2. Nf3 c5 3. e3 e6 4. c3 Nf6 5. Bd3 Nbd7 6. Nbd2 Bd6 7. O-O O-O 8. b3
e5 9. Nxe5 Nxe5 10. dxe5 Bxe5 11. Bb2 Bg4 12. Nf3 Bc7 13. Rc1 Qd6 14. g3 Rad8
15. Be2 Bh3 16. Re1 Ne4 17. Ng5 Nxg5 18. Bg4 Qh6 19. f4 Ne4 20. Rc2 f5 21. Bf3
Rd6 22. Qe2 Rg6 23. Bxe4 fxe4 24. Qf2 Bg4 25. Rd2 Rf5 26. Ba3 Bb6 27. c4 Ba5
28. Bxc5 Bxd2 29. Qxd2 Bf3 30. Qf2 dxc4 31. Bxa7 Ra5 32. Bb8 Rxa2 0-1